000
00193 a2200097 4500
001
20056
100
_a
Kane T R
245
_a
Dynamics
260
_a
_b
Holt Rinehart
_c
090
_c
14650
_d
14650
942
_a
NUST-CAE
_c
M
_c
5170
999
_c
255129
_d
255129